000 00311nam a22001337a 4500
008 260312b |||||||| |||| 00| 0 eng d
020 _a9789390777600
040 _a30
100 _aSINGH,MAHENDRA
245 _aRACHNA SHAREER VIJNANA-2
260 _aVARANSHI
_bCHAUKHAMBA
_c2023
300 _a448
942 _c01
999 _c67189
_d67189